Statistics for The Apostrophe Quiz

Click here to take the quiz!

General Stats

  • This quiz has been taken 134 times
    (126 since last reset)
  • The average score is 9 of 16

Answer Stats

QuestionAnswer% Correct
___ fair that she ghosted me after I misused an apostrophe.It's
85%
This quiz looks at the proper use of _________.apostrophes
82%
I type so many contractions on my laptop that I broke ___ keyboard.its
68%
Scurvy Tom faced severe punishment because of the ___________ verdict.court-martial's
67%
After years of arguing about grammar in their co-written songs, _____________ band broke up.Lennon and McCartney's
66%
Jetpunk quizzes can help to develop __________ English skills.children's
64%
The con ________ were caught because of bad punctuation habits.artists
59%
When using apostrophes, it is best to mind your _____________.p's and q's
56%
We teachers only talked about apostrophes at our _________ meeting.teachers'
53%
As the Grammburglar is the only one facing sentencing, it is obviously the guilty ______ responsibility to pay in full the value of the grammburgers!party's
45%
The ________________ best sale was on a farmer's "Farmer's Almanac" with incorrect punctuation use.farmers market's
41%
Incorrect apostrophe use made the _____________ new baby cry.Sanchezes'
40%
_______________ scores on yesterday’s grammar quiz were both atrocious!Alice's and Adam's
37%
Persnickety Pete saw he made a grammatical error and gave his ________ notice in shame.two weeks'
35%
The _____________ punctuation culture is the most succulent of all the states.Massachusetts
34%
My mother-in-law and your mother-in-law pooled their money and bought us a grammar book. Our _______________ present was very thoughtful.mothers-in-law's
24%

Score Distribution

Percentile by Number Answered

Percent of People with Each Score

Your Score History

You have not taken this quiz since the last reset